000 00871nas a2200265 a 4500
001 98926
003 181659
005 20201118113506.0
008 ||||||n9999 ||| || ||
245 0 _aCarta Administrativa - No.3 (ene.-mar.2004)
260 _aBogotá :
500 _aEl tema de la política de incentivos a la gestión pública ocupa un lugar muy especial en este Número
562 _e6
650 _aALCALDES--ELECCIÓN--COLOMBIA
650 _aBANCO DE EXITOS
650 _aDESEMPEÑO INSTITUCIONAL
650 _aGESTION PUBLICA--BOGOTA (COLOMBIA)
650 _aINCENTIVOS
650 _aLEY 489 DE 1998
650 _aPERIODO DE GOBIERNO
650 _aPREMIO NACIONAL DE ALTA GERENCIA
773 _0102265
_aCarta Administrativa No.1 (jun. 1968) :
942 _cSISS
999 _c98926
_d98926